| 000 | 00600nam a2200181Ia 4500 | ||
|---|---|---|---|
| 008 | 090123s9999 xx 000 0 und d | ||
| 082 | _b15473 | ||
| 100 | _aओक प्र.ग. | ||
| 245 | _aपेशवे घराण्याचा इतिहास | ||
| 250 | _a1 | ||
| 260 | _bकेसरी मुद्रणालय | ||
| 300 | _a264 | ||
| 600 | _aओक प्र.ग. | ||
| 630 | _aपेशवे घराण्याचा इतिहास | ||
| 700 | _aओक प्र.ग. | ||
| 730 | _aपेशवे घराण्याचा इतिहास | ||
| 942 | _cBOOK | ||
| 999 |
_c53534 _d53534 |
||